[Event "II Open Grand Paradis"]
[Site "Arvier ITA"]
[Date "2015.07.27"]
[Round "2"]
[White "Tondo, Salvatore"]
[Black "Nester, Ihor"]
[WhiteElo "1891"]
[BlackElo "2268"]
[Result "0-1"]
[PlyCount "90"]
[EventDate "2015.07.26"]

1. e4 d6 2. d4 Nf6 3. Nc3 e5 4. d5 Be7 5. g3 c6 6. Bg2 Nbd7 7. Nge2 Nb6 8. Bg5
O-O 9. Bxf6 Bxf6 10. O-O Qc7 11. Rc1 Bg5 12. f4 Bf6 13. Qd3 cxd5 14. exd5 exf4
15. Nxf4 Nc4 16. Ne4 Bxb2 17. Rce1 Bf5 18. Kh1 Kh8 19. Qf3 Bxe4 20. Rxe4 Nd2
21. Ne6 Qa5 22. Qf5 Nxe4 23. Nxf8 Nxg3+ 24. hxg3 Rxf8 25. Qd7 Kg8 26. Qxd6 Qd2
27. Qf4 Qxf4 28. gxf4 Ba3 29. Re1 b6 30. Re2 g6 31. f5 Kg7 32. Rd2 Bd6 33. Bf3
Re8 34. Kg2 Re5 35. Bg4 h5 36. Bh3 Re3 37. Rd3 Rxd3 38. cxd3 g5 39. Kf2 Kf6 40.
Bg2 Kxf5 41. Be4+ Kf4 42. Bh7 g4 43. Bg8 f5 44. Be6 h4 45. Kg2 h3+ 0-1

[Event "II Open Grand Paradis"]
[Site "Arvier ITA"]
[Date "2015.07.28"]
[Round "3"]
[White "Baruzzo, Fabio"]
[Black "Tondo, Salvatore"]
[WhiteElo "1802"]
[BlackElo "1891"]
[Result "0-1"]
[PlyCount "134"]
[EventDate "2015.07.26"]

1. c4 Nf6 2. Nc3 e5 3. g3 Bb4 4. Bg2 O-O 5. Qc2 Re8 6. e4 Nc6 7. Nge2 a5 8. O-O
d6 9. Nb5 Bc5 10. a3 Bg4 11. d3 Bxe2 12. Qxe2 h6 13. Be3 Bxe3 14. fxe3 Ne7 15.
Rf2 c6 16. Nc3 Ng6 17. Raf1 Qd7 18. h3 Rf8 19. d4 Nh7 20. Kh2 Qe7 21. h4 Rad8
22. Bh3 Qc7 23. Qg4 Nf6 24. Rxf6 gxf6 25. h5 Kh7 26. hxg6+ fxg6 27. Qh4 Kg7 28.
Be6 exd4 29. exd4 Qb6 30. Ne2 Qxb2 31. Qg4 h5 32. Qf3 Qd2 33. Rb1 Rb8 34. d5
Qa2 35. Rc1 Rbe8 36. Kh1 Qd2 37. Rb1 Re7 38. Nf4 Rh8 39. Rf1 Qd4 40. Qd3 Qe5
41. Bh3 h4 42. gxh4 Qxe4+ 43. Qxe4 Rxe4 44. Ne6+ Kg8 45. Bg2 Rexh4+ 46. Kg1 c5
47. Rxf6 R8h6 48. Rf8+ Kh7 49. Rf7+ Kg8 50. Rg7+ Kh8 51. Rxb7 Rxc4 52. Ng5 Rc1+
53. Kf2 Rh2 54. Kg3 Rh5 55. Nf7+ Kg8 56. Nxd6 Rg5+ 57. Kf4 Rxg2 58. Rb8+ Kg7
59. Ne8+ Kh6 60. Ke5 Re2+ 61. Kd6 c4 62. Kd7 c3 63. Rc8 c2 64. Nf6 Rd1 65. Ng4+
Kg5 66. Ne3 c1=Q 67. Rxc1 Rxc1 0-1

[Event "II Open Grand Paradis"]
[Site "Arvier ITA"]
[Date "2015.07.28"]
[Round "3"]
[White "Cattaneo, Roger"]
[Black "Marguerettaz, Davy"]
[WhiteElo "1836"]
[BlackElo "2193"]
[Result "0-1"]
[PlyCount "136"]
[EventDate "2015.07.26"]

1. d4 Nf6 2. c4 e6 3. Nc3 Bb4 4. Nf3 c5 5. a3 Bxc3+ 6. bxc3 O-O 7. Qc2 b6 8. g3
Nc6 9. Bg2 Bb7 10. O-O Na5 11. dxc5 Nxc4 12. cxb6 axb6 13. Nd2 Bxg2 14. Kxg2
Qc7 15. Nxc4 Qxc4 16. Qd3 Rfc8 17. Bb2 h5 18. Rfd1 d5 19. Qxc4 Rxc4 20. Rd4
Rac8 21. Rxc4 Rxc4 22. Rd1 Kf8 23. Rd4 Ke8 24. Rxc4 dxc4 25. a4 Ne4 26. Kf3 Nc5
27. Ba3 Nxa4 28. Bb4 Kd7 29. Ke4 Kc6 30. Kd4 b5 31. f4 Nb6 32. Bf8 g6 33. h3
Na4 34. g4 hxg4 35. hxg4 Nb6 36. e4 Na4 37. Bb4 Nb2 38. Ba3 Nd3 39. Ke3 b4 40.
cxb4 Kb5 41. f5 Ka4 42. fxg6 fxg6 43. Kd4 Kxa3 44. Kxc4 Nxb4 45. Kd4 Nc6+ 46.
Kc5 Nd8 47. Kd6 Kb4 48. Ke7 Kc4 49. Kf6 Kd4 50. Kxg6 Kxe4 51. Kf6 e5 52. g5 Kd5
53. g6 Ne6 54. Kf5 e4 55. Kg4 Kd4 56. Kf5 e3 57. Kxe6 e2 58. g7 e1=Q+ 59. Kf6
Qg3 60. Kf7 Qf4+ 61. Kg6 Qg4+ 62. Kf7 Qf5+ 63. Ke7 Qg6 64. Kf8 Qf6+ 65. Kg8 Kd5
66. Kh7 Qf7 67. Kh8 Qh5+ 68. Kg8 Ke6 0-1

[Event "II Open Grand Paradis"]
[Site "Arvier ITA"]
[Date "2015.07.28"]
[Round "3"]
[White "Ciuffoletti, Paolo"]
[Black "Gromovs, Sergejs"]
[WhiteElo "2171"]
[BlackElo "2123"]
[Result "1/2-1/2"]
[PlyCount "154"]
[EventDate "2015.07.26"]

1. e4 c5 2. d4 cxd4 3. c3 dxc3 4. Nxc3 Nc6 5. Nf3 a6 6. Bc4 e6 7. O-O Nge7 8.
Bg5 f6 9. Bh4 Ng6 10. Bg3 Be7 11. Qe2 b5 12. Bb3 Na5 13. Bc2 O-O 14. Rad1 Qb6
15. h4 Nc4 16. Bb3 Bd6 17. Bxd6 Nxd6 18. h5 Ne7 19. h6 gxh6 20. e5 Ndf5 21.
exf6 Rxf6 22. Qe5 Rf7 23. Ne4 Ng6 24. Qh2 d5 25. Nc3 Bb7 26. Ne5 Nxe5 27. Qxe5
Raf8 28. Ne2 Qd6 29. Qxd6 Nxd6 30. Nd4 Rf6 31. Rfe1 Re8 32. Rc1 Nc4 33. a4 Nxb2
34. Rc7 bxa4 35. Bxa4 Nxa4 36. Rxb7 e5 37. Rc7 Nb2 38. Nc6 Rf7 39. Rxf7 Kxf7
40. Nxe5+ Kg7 41. f4 Nc4 42. Ra1 Re6 43. Ra4 Nxe5 44. fxe5 Kg6 45. Ra5 Rxe5 46.
Rxa6+ Kg5 47. Kf2 h5 48. Ra7 Kf4 49. Rxh7 Ke4 50. Ke2 Kd4+ 51. Kd2 Rg5 52. g3
Ke4 53. Ke2 d4 54. Re7+ Re5 55. Rd7 Rd5 56. Re7+ Kf5 57. Kd3 Kg4 58. Ke4 Rg5
59. Kxd4 Kxg3 60. Re3+ Kf2 61. Rh3 Kg2 62. Ra3 h4 63. Ke4 h3 64. Kf4 Rg8 65.
Ra2+ Kh1 66. Ra1+ Rg1 67. Ra2 Rg2 68. Ra1+ Kh2 69. Kf3 Rg3+ 70. Kf4 Rg1 71.
Ra2+ Rg2 72. Ra3 Rc2 73. Kg4 Rc4+ 74. Kf3 Rc1 75. Kg4 Rc4+ 76. Kf3 Rc1 77. Kg4
Rc4+ 1/2-1/2

[Event "II Open Grand Paradis"]
[Site "Arvier ITA"]
[Date "2015.07.28"]
[Round "3"]
[White "Nester, Ihor"]
[Black "Bettera, Roberto"]
[WhiteElo "2268"]
[BlackElo "1951"]
[Result "1-0"]
[PlyCount "53"]
[EventDate "2015.07.26"]

1. Nf3 Nf6 2. c4 g6 3. d4 Bg7 4. g3 d6 5. Bg2 O-O 6. O-O Nbd7 7. Nc3 c6 8. e4
e5 9. h3 Re8 10. Be3 Qc7 11. Re1 a6 12. Rc1 exd4 13. Nxd4 Nc5 14. Qc2 Nfd7 15.
Red1 Ne5 16. b3 Ne6 17. Nde2 Rf8 18. f4 Nd7 19. Qd2 Nf6 20. Qxd6 Qa5 21. Qd2
Qc7 22. e5 Rd8 23. Qc2 Ne8 24. Ne4 b6 25. N2c3 Bb7 26. Qf2 c5 27. Nd5 1-0

[Event "II Open Grand Paradis"]
[Site "Arvier ITA"]
[Date "2015.07.28"]
[Round "3"]
[White "Piazza, Giacomo"]
[Black "Lyabel, Giacomo"]
[WhiteElo "1542"]
[BlackElo "1548"]
[Result "0-1"]
[PlyCount "90"]
[EventDate "2015.07.26"]

1. b3 e5 2. Bb2 Nc6 3. c4 Nf6 4. a3 a5 5. e3 Be7 6. d3 d6 7. h3 b6 8. Nf3 Bb7
9. Nbd2 Qd7 10. Be2 O-O 11. Qc2 Rfe8 12. g4 g6 13. Rg1 Qd8 14. h4 Nd7 15. g5
Bf8 16. h5 Bg7 17. hxg6 fxg6 18. O-O-O Rf8 19. Rg2 Rf7 20. Ne4 Ne7 21. Nh2 Nc5
22. Ng4 Qf8 23. Nh6+ Bxh6 24. gxh6 Qxh6 25. Rg3 Nxe4 26. dxe4 Rxf2 27. Re1 Qh2
28. Rgg1 Raf8 29. Qd3 Bxe4 30. Qd2 Bf3 31. Rgf1 Rxe2 32. Rxe2 Qxe2 33. Qxe2
Bxe2 34. Rg1 Rf1+ 35. Rxf1 Bxf1 36. Kd2 Kf7 37. Ke1 Bh3 38. Kf2 g5 39. e4 h5
40. Kg3 Be6 41. Bc1 Kf6 42. Bd2 Nc6 43. Be3 Nd4 44. b4 axb4 45. axb4 Bxc4 0-1

[Event "II Open Grand Paradis"]
[Site "Arvier ITA"]
[Date "2015.07.28"]
[Round "3"]
[White "Renzi, Marco"]
[Black "Bogatto, Mario"]
[WhiteElo "1900"]
[BlackElo "1397"]
[Result "1-0"]
[PlyCount "103"]
[EventDate "2015.07.26"]

1. e4 d6 2. d4 Nf6 3. Nc3 c6 4. Bc4 e6 5. Nf3 Be7 6. O-O Nbd7 7. Bf4 b5 8. Bd3
Qc7 9. Re1 e5 10. Bg3 a6 11. Qd2 exd4 12. Nxd4 Ne5 13. Nf5 Bxf5 14. exf5 O-O
15. Bf1 Rfe8 16. Rad1 Rad8 17. h3 Bf8 18. Bh4 Be7 19. Qe3 h6 20. Bg3 Ned7 21.
Qd2 Ne5 22. Bf4 Nh7 23. Ne4 d5 24. Ng3 f6 25. Nh5 Bd6 26. b3 Nf7 27. h4 Re4 28.
Bxd6 Rxd6 29. Nf4 Nf8 30. g3 Rd7 31. Ne6 Qd6 32. Nxf8 Kxf8 33. Rxe4 dxe4 34.
Qxd6+ Rxd6 35. Rxd6 Nxd6 36. g4 Ke7 37. Bg2 Kf7 38. h5 c5 39. Kf1 c4 40. Ke2
cxb3 41. cxb3 b4 42. Ke3 Nb5 43. Bxe4 Nc3 44. Kd4 Nxa2 45. Kc5 a5 46. Bd5+ Ke7
47. Kb6 Nc3 48. Be6 Ne4 49. f3 Ng5 50. Kxa5 Nxe6 51. fxe6 Kxe6 52. Kxb4 1-0

[Event "II Open Grand Paradis"]
[Site "Arvier ITA"]
[Date "2015.07.29"]
[Round "4"]
[White "Bettera, Roberto"]
[Black "Lyabel, Giacomo"]
[WhiteElo "1951"]
[BlackElo "1548"]
[Result "1/2-1/2"]
[PlyCount "76"]
[EventDate "2015.07.26"]

1. d4 d5 2. c4 c6 3. Nf3 Nf6 4. Nc3 e6 5. e3 Bd6 6. Bd3 dxc4 7. Bxc4 b5 8. Bd3
Bb7 9. e4 Be7 10. O-O a6 11. Qe2 O-O 12. Bf4 c5 13. dxc5 Bxc5 14. Rad1 Qc8 15.
Bg5 Nbd7 16. Rfe1 Re8 17. h3 h6 18. Bd2 e5 19. Nh4 Kh7 20. Nf5 Bf8 21. g4 g6
22. Ng3 Ng8 23. Qf3 Ndf6 24. g5 hxg5 25. Bxg5 Bg7 26. Kg2 Qe6 27. Bc2 Bh6 28.
Bb3 Qe7 29. h4 Kg7 30. Rh1 Rad8 31. Rde1 Bc8 32. Nd5 Qd6 33. Nxf6 Nxf6 34.
Bxh6+ Kxh6 35. h5 Kg7 36. hxg6 fxg6 37. Rh4 Rh8 38. Rxh8 Rxh8 1/2-1/2

[Event "II Open Grand Paradis"]
[Site "Arvier ITA"]
[Date "2015.07.29"]
[Round "4"]
[White "Bogatto, Mario"]
[Black "Baruzzo, Fabio"]
[WhiteElo "1397"]
[BlackElo "1802"]
[Result "0-1"]
[PlyCount "80"]
[EventDate "2015.07.26"]

1. e4 e6 2. d4 d5 3. e5 c5 4. Nf3 Nc6 5. c3 c4 6. b3 cxb3 7. axb3 Qc7 8. Bb5
Bd7 9. Bd2 Nxe5 10. Bxd7+ Nxd7 11. O-O Bd6 12. Qe2 Ngf6 13. h3 O-O 14. Na3 a6
15. c4 Ne4 16. c5 Bf4 17. Be3 Ndf6 18. Rac1 Rfc8 19. Bxf4 Qxf4 20. Qe3 Qxe3 21.
fxe3 Ng3 22. Rfe1 Nfe4 23. Rc2 f6 24. Kh2 b6 25. Rec1 bxc5 26. dxc5 Rab8 27.
Nd2 Nxd2 28. Rxd2 Rxb3 29. Nb1 Rxe3 30. c6 Nf5 31. c7 Rb3 32. Ra2 Rb6 33. Ra5
d4 34. Rac5 Rb7 35. Rc6 Kf7 36. Nd2 Ne7 37. Rxa6 Rbxc7 38. Rxc7 Rxc7 39. Ne4 d3
40. Rd6 Nd5 0-1

[Event "II Open Grand Paradis"]
[Site "Arvier ITA"]
[Date "2015.07.29"]
[Round "4"]
[White "Bonino, Silvano"]
[Black "Piazza, Giacomo"]
[WhiteElo "1443"]
[BlackElo "1542"]
[Result "0-1"]
[PlyCount "70"]
[EventDate "2015.07.26"]

1. d4 c6 2. c4 d6 3. Nc3 Qc7 4. e4 Nf6 5. Bg5 Bg4 6. f3 Bh5 7. Nge2 Nbd7 8. Ng3
Bg6 9. Bd3 e5 10. d5 Be7 11. O-O Qb6+ 12. Be3 Qxe3+ 13. Kh1 Qb6 14. Qc2 Nc5 15.
Na4 Nxa4 16. Qxa4 O-O 17. Qc2 c5 18. f4 exf4 19. Rxf4 Nh5 20. Nxh5 Bxh5 21. g4
Bg6 22. Raf1 Bf6 23. b3 Qd8 24. Qg2 Be5 25. R4f3 Qg5 26. h3 Rae8 27. Qf2 Bd4
28. Qg2 a6 29. Qe2 b5 30. Qc2 bxc4 31. bxc4 Rb8 32. Qh2 Be5 33. Qf2 Rb2 34. Qe3
Rh2+ 35. Kg1 Bd4 0-1

[Event "II Open Grand Paradis"]
[Site "Arvier ITA"]
[Date "2015.07.29"]
[Round "4"]
[White "Ciuffoletti, Paolo"]
[Black "Nester, Ihor"]
[WhiteElo "2171"]
[BlackElo "2268"]
[Result "0-1"]
[PlyCount "50"]
[EventDate "2015.07.26"]

1. e4 d6 2. d4 Nf6 3. Nc3 e5 4. Nf3 Nbd7 5. Bc4 Be7 6. dxe5 Nxe5 7. Nxe5 dxe5
8. Qxd8+ Bxd8 9. f4 O-O 10. O-O c6 11. h3 Bb6+ 12. Kh2 Bd4 13. Bd3 exf4 14.
Bxf4 Nd7 15. g3 Ne5 16. Rfd1 Ng6 17. a4 Be6 18. a5 Rad8 19. Na4 h5 20. c3 Nxf4
21. cxd4 Nxh3 22. Nc5 Bg4 23. Nxb7 Rxd4 24. Be2 Rb4 25. Bxg4 hxg4 0-1

[Event "II Open Grand Paradis"]
[Site "Arvier ITA"]
[Date "2015.07.29"]
[Round "4"]
[White "Marguerettaz, Davy"]
[Black "Renzi, Marco"]
[WhiteElo "2193"]
[BlackElo "1900"]
[Result "1-0"]
[PlyCount "86"]
[EventDate "2015.07.26"]

1. d4 d5 2. c4 c6 3. Nf3 e6 4. Bg5 Be7 5. Bxe7 Qxe7 6. Nbd2 Nf6 7. e3 Nbd7 8.
Ne5 Nxe5 9. dxe5 Nd7 10. f4 O-O 11. Bd3 b6 12. Qc2 g6 13. h4 Nc5 14. Be2 Bb7
15. h5 Rac8 16. a3 a5 17. Nf3 Ne4 18. Bd3 Qc5 19. Bxe4 Qxe3+ 20. Qe2 Qxe4 21.
Qxe4 dxe4 22. Ng5 c5 23. hxg6 hxg6 24. Rh7 Rcd8 25. Ke2 f6 26. exf6 Rxf6 27.
Rxb7 Rd4 28. Rh1 Rxc4 29. Rb8+ Rf8 30. Rh8+ Kxh8 31. Rxf8+ Kg7 32. Nxe6+ Kh7
33. Ng5+ Kg7 34. Rf7+ Kg8 35. Rf6 b5 36. Rxg6+ Kh8 37. f5 Rc2+ 38. Ke3 Rxb2 39.
f6 Rb1 40. Rh6+ Kg8 41. f7+ Kg7 42. Rh7+ Kg6 43. f8=Q Kxg5 1-0

[Event "II Open Grand Paradis"]
[Site "Arvier ITA"]
[Date "2015.07.29"]
[Round "4"]
[White "Tondo, Salvatore"]
[Black "Gromovs, Sergejs"]
[WhiteElo "1891"]
[BlackElo "2123"]
[Result "0-1"]
[PlyCount "64"]
[EventDate "2015.07.26"]

1. e4 c5 2. Nf3 d6 3. Bb5+ Nd7 4. d4 cxd4 5. Qxd4 a6 6. Bxd7+ Bxd7 7. O-O Bc6
8. c4 e5 9. Qe3 Nf6 10. Nc3 Be7 11. Qe2 h6 12. b3 O-O 13. Bb2 b5 14. Rfd1 Qb6
15. Nd5 Nxd5 16. cxd5 Bd7 17. Qe3 Qb7 18. Rac1 f5 19. exf5 Rxf5 20. Rc2 Raf8
21. Qc1 Bd8 22. Bc3 Bb6 23. Be1 Rxf3 24. gxf3 Bh3 25. Rc3 Qd7 26. Qc2 Rf5 27.
Bd2 Qe7 28. f4 Qh4 29. Rxh3 Qxh3 30. Rc1 exf4 31. Qc8+ Kh7 32. Bxf4 Bxf2+ 0-1

[Event "II Open Grand Paradis"]
[Site "Arvier ITA"]
[Date "2015.07.30"]
[Round "5"]
[White "Baruzzo, Fabio"]
[Black "Cattaneo, Roger"]
[WhiteElo "1802"]
[BlackElo "1836"]
[Result "1/2-1/2"]
[PlyCount "39"]
[EventDate "2015.07.26"]

1. c4 e5 2. Nc3 Nf6 3. g3 c6 4. Bg2 Bb4 5. e3 d5 6. cxd5 cxd5 7. Nge2 Nc6 8. d4
exd4 9. Nxd4 Bxc3+ 10. bxc3 O-O 11. Qd3 Ne5 12. Qc2 b6 13. a4 Ba6 14. Nb5 Qd7
15. Qb1 Qc6 16. O-O Ne4 17. Qb3 Bb7 18. Ra2 a6 19. Nd4 Qc4 20. Ba3 1/2-1/2

[Event "II Open Grand Paradis"]
[Site "Arvier ITA"]
[Date "2015.07.30"]
[Round "5"]
[White "Bogatto, Mario"]
[Black "Bonino, Silvano"]
[WhiteElo "1397"]
[BlackElo "1443"]
[Result "1/2-1/2"]
[PlyCount "115"]
[EventDate "2015.07.26"]

1. e4 e6 2. Nf3 Be7 3. d4 d5 4. e5 c5 5. c3 cxd4 6. cxd4 Bb4+ 7. Nc3 Ne7 8. a3
Ba5 9. Be2 Bb6 10. O-O Nbc6 11. Bg5 h6 12. Bxe7 Qxe7 13. Rc1 a6 14. Na4 Ba7 15.
Nc5 Bxc5 16. dxc5 Bd7 17. Qd2 a5 18. Qc3 O-O 19. Rfe1 f6 20. Bd1 Nxe5 21. Nxe5
fxe5 22. Rxe5 Qf6 23. Bf3 Bc6 24. Qd4 Bd7 25. Qe3 Qf4 26. Rh5 Qxe3 27. fxe3 Rf6
28. Rh4 Raf8 29. b4 axb4 30. axb4 Bb5 31. Rd4 Ra8 32. h3 Ra3 33. e4 Rf4 34. Re1
Bc6 35. Rb1 e5 36. Rd2 d4 37. b5 Bxe4 38. Bxe4 Rxe4 39. c6 bxc6 40. bxc6 Rc3
41. Rb8+ Kf7 42. Rb7+ Ke6 43. c7 Kd7 44. Rf2 Rf4 45. Rfb2 Rxc7 46. Rb8 Rf6 47.
Rg8 Rf7 48. Rb5 Re7 49. Rf8 e4 50. Rd5+ Kc6 51. Rxd4 Kc5 52. Rfd8 e3 53. Kf1
Rf7+ 54. Ke2 Rfe7 55. R8d5+ Kc6 56. Rd6+ Kb7 57. Rb4+ Kc8 58. Rd3 1/2-1/2

[Event "II Open Grand Paradis"]
[Site "Arvier ITA"]
[Date "2015.07.30"]
[Round "5"]
[White "Gromovs, Sergejs"]
[Black "Bettera, Roberto"]
[WhiteElo "2123"]
[BlackElo "1951"]
[Result "1-0"]
[PlyCount "73"]
[EventDate "2015.07.26"]

1. d4 Nf6 2. c4 g6 3. Nc3 Bg7 4. g3 d6 5. Bg2 O-O 6. Nf3 Nbd7 7. O-O e5 8. e3
Qe7 9. b3 Re8 10. a4 a5 11. Ba3 h6 12. Nb5 Qd8 13. Rc1 e4 14. Nd2 Nf8 15. d5 b6
16. Nd4 Bd7 17. Qc2 Qe7 18. Nc6 Bxc6 19. dxc6 g5 20. Bb2 N8h7 21. h3 h5 22. Bd4
Qe6 23. Qb2 Bf8 24. Rce1 g4 25. h4 Be7 26. Qc2 Bd8 27. Rb1 d5 28. cxd5 Qxd5 29.
Rfd1 Qe6 30. Bf1 Nf8 31. Bb5 Rb8 32. b4 axb4 33. Rxb4 Nd5 34. Rbb1 Ng6 35. Bc4
Qf5 36. Rb5 Nge7 37. Qb3 1-0

[Event "II Open Grand Paradis"]
[Site "Arvier ITA"]
[Date "2015.07.30"]
[Round "5"]
[White "Lyabel, Giacomo"]
[Black "Tondo, Salvatore"]
[WhiteElo "1548"]
[BlackElo "1891"]
[Result "0-1"]
[PlyCount "66"]
[EventDate "2015.07.26"]

1. d4 Nf6 2. c4 c5 3. e3 e6 4. Nc3 d5 5. dxc5 Bxc5 6. Nf3 O-O 7. cxd5 exd5 8.
Bd3 Nc6 9. O-O Bg4 10. Be2 Re8 11. b3 Bf5 12. Bb2 Qd7 13. Na4 Be7 14. Bb5 Bg4
15. Rc1 Rac8 16. Re1 Qf5 17. Be2 Ne4 18. Rf1 Qd7 19. Nc3 Rcd8 20. Nd4 Bxe2 21.
Ncxe2 Bd6 22. Nc3 Bb8 23. Nxe4 Rxe4 24. g3 Qh3 25. Nxc6 bxc6 26. Rxc6 Rh4 27.
Re1 Bxg3 28. fxg3 Qxh2+ 29. Kf1 Qxg3 30. Rc2 Rh1+ 31. Ke2 Rh2+ 32. Kd3 Qg6+ 33.
Kc3 Rxc2+ 0-1

[Event "II Open Grand Paradis"]
[Site "Arvier ITA"]
[Date "2015.07.30"]
[Round "5"]
[White "Nester, Ihor"]
[Black "Marguerettaz, Davy"]
[WhiteElo "2268"]
[BlackElo "2193"]
[Result "1-0"]
[PlyCount "83"]
[EventDate "2015.07.26"]

1. Nf3 d5 2. d4 Nf6 3. c4 c6 4. Qc2 g6 5. e3 Bf5 6. Qb3 Qb6 7. Nc3 e6 8. Qd1
Bg4 9. h3 Bxf3 10. Qxf3 Bg7 11. Bd3 Nbd7 12. O-O O-O 13. cxd5 exd5 14. Rb1 a5
15. Bd2 Rfe8 16. Rfc1 Re6 17. a3 Qd8 18. a4 Ne8 19. b4 axb4 20. Rxb4 Nd6 21.
Qd1 h5 22. Qc2 Qh4 23. Ne2 Nf6 24. g3 Qxh3 25. Nf4 Qg4 26. Be2 Qf5 27. Qxf5
gxf5 28. Nxe6 fxe6 29. Be1 Kf7 30. Rcb1 Bf8 31. a5 Kg6 32. Rb6 Nd7 33. Rxb7
Nxb7 34. Rxb7 Nb8 35. Rc7 Bd6 36. Rc8 e5 37. dxe5 Bxe5 38. Bb4 c5 39. Rxc5 Bd6
40. Rb5 Bxb4 41. Rxb4 Kg5 42. Rb6 1-0

[Event "II Open Grand Paradis"]
[Site "Arvier ITA"]
[Date "2015.07.30"]
[Round "5"]
[White "Renzi, Marco"]
[Black "Ciuffoletti, Paolo"]
[WhiteElo "1900"]
[BlackElo "2171"]
[Result "1-0"]
[PlyCount "67"]
[EventDate "2015.07.26"]

1. e4 c5 2. Nf3 Nc6 3. d4 cxd4 4. Nxd4 Nf6 5. Nc3 e5 6. Nb3 Bb4 7. Bd3 d5 8.
exd5 Nxd5 9. Bd2 Bxc3 10. bxc3 O-O 11. O-O f5 12. Bc4 Kh8 13. Qf3 e4 14. Qh5
Nf6 15. Qh4 Qe7 16. Nd4 Nxd4 17. cxd4 Be6 18. Bb3 a5 19. Rab1 a4 20. Bxe6 Qxe6
21. a3 Rac8 22. Bb4 Rf7 23. Bc5 Nd5 24. c4 Nc3 25. Rb4 e3 26. fxe3 Qxe3+ 27.
Qf2 Qd3 28. Re1 f4 29. Qf3 Qd2 30. Kf1 Rb8 31. Bd6 Rd8 32. Be5 b5 33. d5 Na2
34. Rb2 1-0

[Event "II Open Grand Paradis"]
[Site "Arvier ITA"]
[Date "2015.07.31"]
[Round "6"]
[White "Cattaneo, Roger"]
[Black "Piazza, Giacomo"]
[WhiteElo "1836"]
[BlackElo "1542"]
[Result "1-0"]
[PlyCount "117"]
[EventDate "2015.07.26"]

1. d4 c6 2. c4 d6 3. Nc3 Qc7 4. e4 Nf6 5. Nf3 Bg4 6. Be2 Nbd7 7. h3 Bh5 8. O-O
e5 9. d5 Be7 10. Bd2 O-O 11. b4 Bg6 12. Qc2 a6 13. Bd3 b5 14. Rfc1 Bh5 15. dxc6
Qxc6 16. cxb5 axb5 17. Bxb5 Qb7 18. Ne1 Bg6 19. Bd3 Rfc8 20. Qb1 Nb6 21. f3 Nc4
22. Bxc4 Rxc4 23. Nd1 d5 24. Rxc4 dxc4 25. a4 Nd5 26. b5 Qb6+ 27. Kh1 Qd4 28.
Qc1 Bb4 29. Bxb4 Nxb4 30. Qc3 Qc5 31. Ne3 Rc8 32. N1c2 Nd3 33. Na3 Qxe3 34. Qc2
Nf2+ 35. Kh2 Qf4+ 36. Kg1 Nxh3+ 37. gxh3 Qxf3 38. Qg2 Qd3 39. Kh2 Bxe4 40. Qf2
f5 41. a5 Qd6 42. a6 Bd3 43. b6 e4+ 44. Kg1 Qg6+ 45. Kh1 Qc6 46. Qd4 e3+ 47.
Kh2 Qf3 48. Rg1 g6 49. b7 Rf8 50. Nxc4 Be4 51. Qxe3 Qxe3 52. Nxe3 Rd8 53. Rc1
Rd2+ 54. Kg3 Rd3 55. b8=Q+ Kg7 56. Kf4 g5+ 57. Ke5 Rxe3 58. Rc7+ Kh6 59. Qf8+
1-0

[Event "II Open Grand Paradis"]
[Site "Arvier ITA"]
[Date "2015.07.31"]
[Round "6"]
[White "Gromovs, Sergejs"]
[Black "Nester, Ihor"]
[WhiteElo "2123"]
[BlackElo "2268"]
[Result "1/2-1/2"]
[PlyCount "111"]
[EventDate "2015.07.26"]

1. d4 Nf6 2. Bg5 Ne4 3. Bf4 d5 4. Nd2 Nxd2 5. Qxd2 e6 6. e3 c5 7. dxc5 Bxc5 8.
Qc3 Be7 9. O-O-O Bf6 10. Qa3 Nc6 11. Nf3 Qb6 12. Qb3 Qxb3 13. axb3 a6 14. h3 e5
15. Bh2 Be6 16. g4 g6 17. g5 Bg7 18. h4 Rc8 19. Bg3 O-O 20. Bh3 e4 21. Nd4 Nxd4
22. exd4 Rc6 23. c3 a5 24. Kd2 Bxh3 25. Rxh3 f6 26. Ra1 Ra6 27. gxf6 Rfxf6 28.
h5 Rf3 29. hxg6 hxg6 30. Rh2 b5 31. Bc7 a4 32. bxa4 bxa4 33. Ra2 Rd3+ 34. Ke2
a3 35. Rh1 Rc6 36. Ba5 Bxd4 37. Rxa3 Bc5 38. b4 Bd4 39. b5 Rf6 40. Rh2 Rdf3 41.
Rb3 Bb6 42. Bxb6 Rxb6 43. Rg2 d4 44. Rb4 dxc3 45. Rxe4 Rf5 46. Rc4 Rfxb5 47.
Rxc3 Rb2+ 48. Kf3 Kg7 49. Rc7+ Kf6 50. Rg4 R2b4 51. Kg3 Rxg4+ 52. Kxg4 Rb4+ 53.
f4 Rb6 54. Rc8 Ra6 55. Rf8+ Kg7 56. Rb8 1/2-1/2

[Event "II Open Grand Paradis"]
[Site "Arvier ITA"]
[Date "2015.07.31"]
[Round "6"]
[White "Lyabel, Giacomo"]
[Black "Baruzzo, Fabio"]
[WhiteElo "1548"]
[BlackElo "1802"]
[Result "0-1"]
[PlyCount "59"]
[EventDate "2015.07.26"]

1. d4 d5 2. c4 e6 3. Nc3 c5 4. cxd5 exd5 5. Nf3 Nc6 6. e3 Nf6 7. dxc5 Bxc5 8.
b3 Bb4 9. Bd2 Qe7 10. Be2 O-O 11. O-O Bf5 12. Na4 Rac8 13. Bc3 Rfd8 14. Bb2 Ne4
15. a3 Bd6 16. b4 Bb8 17. Re1 Ng5 18. Nd4 Be4 19. Bg4 Ne6 20. Nxe6 fxe6 21. Nc5
Bf5 22. Qf3 Ne5 23. Bxe5 Bxe5 24. Ra2 Rf8 25. Bxf5 Rxf5 26. Qh3 b6 27. Nd3 Bd6
28. f4 Rc3 29. Nf2 Rxf4 30. g3 0-1

[Event "II Open Grand Paradis"]
[Site "Arvier ITA"]
[Date "2015.07.31"]
[Round "6"]
[White "Marguerettaz, Davy"]
[Black "Ciuffoletti, Paolo"]
[WhiteElo "2193"]
[BlackElo "2171"]
[Result "0-1"]
[PlyCount "100"]
[EventDate "2015.07.26"]

1. d4 g6 2. e4 Bg7 3. c4 d6 4. Nc3 Nc6 5. Be3 e5 6. d5 Nce7 7. c5 f5 8. Bb5+
Kf7 9. f3 Nf6 10. a4 Rf8 11. a5 fxe4 12. Nxe4 Nf5 13. Bg5 h6 14. Bxf6 Bxf6 15.
Qa4 Bg5 16. Ne2 Be3 17. a6 bxa6 18. Bxa6 Bxa6 19. Qxa6 Qb8 20. Rb1 Bxc5 21. b4
Bb6 22. N2c3 Kg7 23. Nc5 dxc5 24. bxc5 Qc8 25. Qxc8 Raxc8 26. cxb6 cxb6 27. Nb5
Rfd8 28. O-O a6 29. Na7 Rc7 30. Nc6 Rxd5 31. Nb4 Rd2 32. Rf2 Rxf2 33. Kxf2 a5
34. g4 axb4 35. gxf5 gxf5 36. Rxb4 Rc6 37. Rb5 Kf6 38. Kg3 Re6 39. Kf2 Ke7 40.
f4 Kd7 41. fxe5 Kc6 42. Rb3 Rxe5 43. Rh3 Re6 44. Kf3 Kd5 45. Kf4 b5 46. Kxf5
Rb6 47. Rd3+ Kc4 48. Rd1 b4 49. Rc1+ Kd3 50. Kg4 b3 0-1

[Event "II Open Grand Paradis"]
[Site "Arvier ITA"]
[Date "2015.07.31"]
[Round "6"]
[White "Tondo, Salvatore"]
[Black "Renzi, Marco"]
[WhiteElo "1891"]
[BlackElo "1900"]
[Result "0-1"]
[PlyCount "112"]
[EventDate "2015.07.26"]

1. e4 e5 2. Nf3 Nc6 3. Bb5 d6 4. d4 Bd7 5. d5 Nce7 6. Nc3 Nf6 7. Qd3 Ng6 8. h4
h5 9. Bg5 Be7 10. Bxd7+ Qxd7 11. Qb5 O-O 12. Qxd7 Nxd7 13. Bxe7 Nxe7 14. Ng5
Nc5 15. b4 Nd7 16. Nb5 a6 17. Na3 Rfc8 18. Nc4 b5 19. Ne3 a5 20. c3 c6 21. Kd2
cxd5 22. exd5 Nf6 23. bxa5 Rxa5 24. a4 bxa4 25. c4 Ng4 26. Nxg4 hxg4 27. Kd3 a3
28. Rhb1 a2 29. Rb2 Ra3+ 30. Kd2 Rxc4 31. Raxa2 Rxa2 32. Rxa2 Kf8 33. Ra8+ Rc8
34. Ra7 Ke8 35. h5 Rc5 36. h6 gxh6 37. Nh7 Nxd5 38. Ra8+ Ke7 39. Ra7+ Rc7 40.
Ra4 f5 41. Ra8 f4 42. Rg8 Kf7 43. Rxg4 Rc8 44. Kd3 Rh8 45. Kc4 Ne7 46. g3 Rxh7
47. gxf4 h5 48. Rg5 d5+ 49. Kd3 exf4 50. Ke2 Kf6 51. Rg1 h4 52. Rh1 h3 53. Rh2
Kf5 54. f3 Ng6 55. Kf2 Ne5 56. Ke2 d4 0-1

[Event "II Open Grand Paradis"]
[Site "Arvier ITA"]
[Date "2015.08.01"]
[Round "7"]
[White "Bettera, Roberto"]
[Black "Baruzzo, Fabio"]
[WhiteElo "1951"]
[BlackElo "1802"]
[Result "1-0"]
[PlyCount "67"]
[EventDate "2015.07.26"]

1. d4 e6 2. Nf3 f5 3. g3 Nf6 4. Bg2 d6 5. O-O Be7 6. c3 a5 7. a4 O-O 8. Qb3 d5
9. Ne5 Ra6 10. Nd2 Nc6 11. Nd3 Kh8 12. Nf3 Ne4 13. Qc2 g5 14. e3 Qe8 15. Qe2
Qh5 16. Re1 g4 17. Nd2 Qg5 18. f3 Nxd2 19. Bxd2 gxf3 20. Bxf3 Qg7 21. Kh1 Rd8
22. b4 Rb6 23. b5 Nb8 24. c4 dxc4 25. Ne5 Bb4 26. Bxb4 axb4 27. Nxc4 Rbd6 28.
Nxd6 Rxd6 29. Qc4 e5 30. dxe5 Rh6 31. Rad1 Qe7 32. Qd4 Re6 33. Qd8+ Qe8 34.
Qxc7 1-0